Basic abstract algebra / (Record no. 7426)

MARC details
000 -LEADER
fixed length control field 00976nam a2200301 4500
001 - CONTROL NUMBER
control field 4277968
005 - DATE AND TIME OF LATEST TRANSACTION
control field 20150513151814.0
007 - PHYSICAL DESCRIPTION FIXED FIELD--GENERAL INFORMATION
fixed length control field 000
008 - FIXED-LENGTH DATA ELEMENTS--GENERAL INFORMATION
fixed length control field 000
010 ## - LIBRARY OF CONGRESS CONTROL NUMBER
LC control number 85014953
020 ## - INTERNATIONAL STANDARD BOOK NUMBER
International Standard Book Number 0521309905
International Standard Book Number 0521311071 (pbk.)
040 ## - CATALOGING SOURCE
Original cataloging agency UOEL
Transcribing agency DLC
Modifying agency DLC
050 00 - LIBRARY OF CONGRESS CALL NUMBER
Classification number QA162
Item number .B4 1986
082 00 - DEWEY DECIMAL CLASSIFICATION NUMBER
Classification number 512/.02
Edition number 19
100 1# - MAIN ENTRY--PERSONAL NAME
Personal name Bhattacharya, P. B.
Fuller form of name (Phani Bhushan),
Dates associated with a name 1914-
245 10 - TITLE STATEMENT
Title Basic abstract algebra /
Statement of responsibility, etc P.B. Bhattacharya, S.K. Jain, S.R. Nagpaul.
260 ## - PUBLICATION, DISTRIBUTION, ETC. (IMPRINT)
Place of publication, distribution, etc Cambridge [Cambridgeshire] ;
-- New York :
Name of publisher, distributor, etc Cambridge University Press,
Date of publication, distribution, etc 1986.
300 ## - PHYSICAL DESCRIPTION
Extent xvii, 454 p. ;
Dimensions 25 cm.
500 ## - GENERAL NOTE
General note Includes index.
504 ## - BIBLIOGRAPHY, ETC. NOTE
Bibliography, etc Bibliography: p. 443.
650 #0 - SUBJECT ADDED ENTRY--TOPICAL TERM
Topical term or geographic name as entry element Algebra, Abstract.
General subdivision Mathematics
700 1# - ADDED ENTRY--PERSONAL NAME
Personal name Jain, S. K.
Fuller form of name (Surender Kumar),
Dates associated with a name 1938-
Personal name Nagpaul, S. R.
856 42 - ELECTRONIC LOCATION AND ACCESS
Materials specified Publisher description
Uniform Resource Identifier <a href="http://www.loc.gov/catdir/description/cam031/85014953.html">http://www.loc.gov/catdir/description/cam031/85014953.html</a>
906 ## - LOCAL DATA ELEMENT F, LDF (RLIN)
a 7
b cbc
c orignew
d 1
e ocip
f 19
g y-gencatlg
942 ## - ADDED ENTRY ELEMENTS (KOHA)
Source of classification or shelving scheme Library of Congress Classification
Item type Loan - Normal on open shelf
Holdings
Withdrawn status Lost status Source of classification or shelving scheme Damaged status Not for loan Home library Current library Shelving location Date acquired Total Checkouts Full call number Barcode Date last seen Copy number Price effective from Koha item type
    Library of Congress Classification     UOE Main Library UOE Main Library Open shelf 13/05/2015   QA162 .B4 1986 10046938 27/04/2026 10046938 13/05/2015 Loan - Normal on open shelf